000 00500nam a22001817a 4500
005 20220728153011.0
008 220728b ||||| |||| 00| 0 eng d
040 _cAL
041 _aEnglish
082 _223
_a342.54
_bPANS
100 _aM K Pandhe
_953854
245 _aSurrender of Indias Sovereignty and self reliance
260 _aNew Delhi
_bM K Pandhe for CITU
_c1991
300 _a32 p.
_bPB
_c20x13 cm.
650 _aSovereignty
_953856
700 _aPANDHE (M K)
_953858
942 _2ddc
_cGF
999 _c224267
_d224268